[Event "Quebec op U2000"]
[Site "Montreal CAN"]
[Date "2013.07.26"]
[Round "7"]
[White "Rondon, Luciano"]
[Black "Brodie, Hugh"]
[Result "1/2-1/2"]
[WhiteElo "1885"]
[BlackElo "1913"]
[PlyCount "64"]
[EventDate "2013.07.21"]
[EventType "swiss"]
[EventRounds "9"]
[EventCountry "CAN"]

1. d4 e6 2. c4 f5 3. g3 Nf6 4. Bg2 d5 5. Nh3 c6 6. Qc2 Bd6 7. O-O O-O 8. Bf4
Qe7 9. Bxd6 Qxd6 10. Nd2 e5 11. dxe5 Qxe5 12. Nf4 dxc4 13. Qxc4+ Kh8 14. Nf3
Qe7 15. Rfd1 Na6 16. Nh4 Qe8 17. Nf3 Nc7 18. e3 Be6 19. Nxe6 Qxe6 20. Qxe6 Nxe6
21. Nd4 Nxd4 22. Rxd4 Rad8 23. Rad1 Rxd4 24. Rxd4 g6 25. h3 Rf7 26. Kf1 c5 27.
Rd6 Kg7 28. Ke2 b6 29. Kd3 Kf8 30. Rd8+ Ke7 31. Ra8 Kd6 32. Rd8+ Kc7 1/2-1/2

[Event "Quebec op U2000"]
[Site "Montreal CAN"]
[Date "2013.07.27"]
[Round "8"]
[White "Brodie, Hugh"]
[Black "Shi, Ling Yun"]
[Result "1/2-1/2"]
[WhiteElo "1913"]
[BlackElo "1626"]
[PlyCount "47"]
[EventDate "2013.07.21"]
[EventType "swiss"]
[EventRounds "9"]
[EventCountry "CAN"]

1. f4 d5 2. e3 Nf6 3. Nf3 c5 4. b3 g6 5. Bb2 Bg7 6. Bb5+ Bd7 7. Qe2 a6 8. Bxd7+
Nbxd7 9. O-O O-O 10. d3 Rc8 11. Nbd2 Qc7 12. Ne5 Nh5 13. Ndf3 Nhf6 14. c4 Rfd8
15. Rad1 Nxe5 16. Bxe5 Qa5 17. Ng5 h6 18. Nh3 Ne8 19. Bxg7 Kxg7 20. f5 g5 21.
e4 dxe4 22. dxe4 Rxd1 23. Rxd1 Rd8 24. Rxd8 1/2-1/2

[Event "Quebec op U2000"]
[Site "Montreal CAN"]
[Date "2013.07.28"]
[Round "9"]
[White "Moore, Ronald"]
[Black "Brodie, Hugh"]
[Result "1-0"]
[WhiteElo "1733"]
[BlackElo "1913"]
[PlyCount "129"]
[EventDate "2013.07.21"]
[EventType "swiss"]
[EventRounds "9"]
[EventCountry "CAN"]

1. d4 e6 2. Nf3 f5 3. Bf4 Nf6 4. e3 b6 5. Nbd2 Bb7 6. h3 g6 7. c3 Bg7 8. Rg1 d6
9. g4 Qe7 10. Qb3 Bd5 11. c4 Bc6 12. gxf5 exf5 13. O-O-O Nbd7 14. Bg2 O-O-O 15.
Ne1 Bxg2 16. Rxg2 Rhe8 17. Nc2 a5 18. Qb5 Nb8 19. Na3 Ne4 20. Nb3 Qd7 21. Kb1
Qxb5 22. Nxb5 c6 23. Nc3 Nxc3+ 24. bxc3 a4 25. Nc1 Kb7 26. f3 d5 27. cxd5 Rxd5
28. c4 Rd7 29. Nd3 Na6 30. a3 Bf8 31. Ka2 Bd6 32. Bg5 Ka7 33. Rc1 b5 34. cxb5
cxb5 35. Rc6 b4 36. axb4 Bxb4 37. Rxa6+ Kxa6 38. Nxb4+ Ka5 39. Nc6+ Ka6 40. Ka3
Rc8 41. d5 Rb7 42. e4 fxe4 43. fxe4 Rb3+ 44. Kxa4 Rb1 45. Rg3 Kb6 46. Rb3+ Rxb3
47. Kxb3 Rf8 48. Kb4 Ra8 49. Be3+ Kc7 50. Kc5 Ra3 51. Bf4+ Kd7 52. h4 Rh3 53.
Bg5 h6 54. Bf6 g5 55. hxg5 hxg5 56. Bxg5 Rh5 57. Bf6 Rh6 58. e5 Kc7 59. d6+ Kc8
60. Kd5 Rh7 61. Ke6 Rb7 62. Ne7+ Kd8 63. Nd5+ Ke8 64. Nc7+ Kf8 65. d7 1-0

[Event "Quebec op"]
[Site "Montreal CAN"]
[Date "2011.07.23"]
[Round "1.31"]
[White "Brodie, Hugh"]
[Black "Cvetkovic, Simeon"]
[Result "0-1"]
[WhiteElo "1833"]
[BlackElo "2067"]
[PlyCount "62"]
[EventDate "2011.07.23"]
[EventType "swiss"]
[EventRounds "9"]
[EventCountry "CAN"]

1. f4 Nf6 2. Nf3 b6 3. b3 Bb7 4. e3 c5 5. Bb2 g6 6. Be2 Bg7 7. O-O O-O 8. Ne5
d6 9. Bf3 d5 10. Qc1 Nbd7 11. Nxd7 Qxd7 12. d3 Rfd8 13. Nd2 Rac8 14. Be5 Ne8
15. Bxg7 Nxg7 16. e4 dxe4 17. Bxe4 Qd4+ 18. Kh1 Bxe4 19. Nxe4 Nf5 20. Re1 b5
21. Rb1 Rc7 22. g3 c4 23. dxc4 bxc4 24. b4 Qd5 25. Kg1 Nd4 26. Re3 Qh5 27. Kg2
Nf5 28. Re1 Rcd7 29. h3 c3 30. Nf2 Rd2 31. Rb3 Rxf2+ 0-1

[Event "Quebec op"]
[Site "Montreal CAN"]
[Date "2011.07.24"]
[Round "2.37"]
[White "Caceres Cortes, Julio"]
[Black "Brodie, Hugh"]
[Result "1-0"]
[WhiteElo "1986"]
[BlackElo "1833"]
[PlyCount "67"]
[EventDate "2011.07.23"]
[EventType "swiss"]
[EventRounds "9"]
[EventCountry "CAN"]

1. e4 c5 2. d4 cxd4 3. c3 d5 4. exd5 Qxd5 5. cxd4 Nc6 6. Nf3 Bg4 7. Be2 e6 8.
Nc3 Qa5 9. O-O Nf6 10. Bd2 Be7 11. Nb5 Qd8 12. Be3 O-O 13. h3 Bh5 14. Ne5 Bxe2
15. Qxe2 Nd5 16. Rac1 a6 17. Nxc6 bxc6 18. Nc3 Qa5 19. a3 Rfc8 20. Ne4 Qb5 21.
Qd2 Rab8 22. Rc2 a5 23. Rfc1 a4 24. Bg5 Bf8 25. Bh4 h6 26. Bg3 Rb6 27. Bd6 Rd8
28. Nc3 Nxc3 29. Bc7 Ne2+ 30. Qxe2 Rxd4 31. Bxb6 Qxb6 32. Rxc6 Qa5 33. Rd1 Rf4
34. Rc8 1-0

[Event "Quebec op"]
[Site "Montreal CAN"]
[Date "2011.07.25"]
[Round "4"]
[White "Giroux, Robert"]
[Black "Brodie, Hugh"]
[Result "1-0"]
[WhiteElo "1886"]
[BlackElo "1833"]
[PlyCount "97"]
[EventDate "2011.07.23"]
[EventType "swiss"]
[EventRounds "9"]
[EventCountry "CAN"]

1. d4 e6 2. e4 d5 3. Nc3 dxe4 4. Nxe4 Nd7 5. Nf3 Ngf6 6. Nxf6+ Nxf6 7. c3 Be7
8. Bd3 O-O 9. Bf4 c5 10. dxc5 Bxc5 11. Qe2 Qe7 12. O-O Bd7 13. Ne5 Rfd8 14.
Nxd7 Rxd7 15. Rad1 Rad8 16. Bc2 Bb6 17. Rxd7 Rxd7 18. Rd1 Qd8 19. Rxd7 Qxd7 20.
Qd3 Qxd3 21. Bxd3 h6 22. h3 Kf8 23. Bd6+ Kg8 24. Kf1 Bd8 25. Ke2 Ne8 26. Bc5 b6
27. Be3 Kf8 28. a4 Ke7 29. a5 Kd6 30. axb6 Bxb6 31. b4 Nf6 32. c4 Bxe3 33. Kxe3
Nd7 34. f4 Nf6 35. Be2 Nd7 36. c5+ Kc6 37. Kd4 f6 38. b5+ Kc7 39. Bg4 e5+ 40.
Kd5 exf4 41. Bxd7 Kxd7 42. Ke4 g5 43. Kf5 h5 44. h4 gxh4 45. Kxf4 Kc7 46. Kf5
Kb7 47. Kxf6 a5 48. bxa6+ Kxa6 49. Ke6 1-0

[Event "Quebec op"]
[Site "Montreal CAN"]
[Date "2011.07.26"]
[Round "5"]
[White "Brodie, Hugh"]
[Black "Gauthier, Denis"]
[Result "1-0"]
[WhiteElo "1833"]
[BlackElo "1996"]
[PlyCount "45"]
[EventDate "2011.07.23"]
[EventType "swiss"]
[EventRounds "9"]
[EventCountry "CAN"]

1. f4 g6 2. e4 d6 3. Nf3 Bg7 4. Nc3 Nf6 5. d3 O-O 6. g3 c5 7. Bg2 Nc6 8. O-O
Rb8 9. a4 a6 10. Nh4 Qc7 11. f5 Ne5 12. h3 b5 13. axb5 axb5 14. g4 b4 15. Ne2
Bd7 16. Ng3 Bc6 17. Bf4 Nfd7 18. Qd2 Qb7 19. Bh6 d5 20. Bxg7 Kxg7 21. fxg6 fxg6
22. Qg5 Rf6 23. Nh5+ 1-0

[Event "Quebec op"]
[Site "Montreal CAN"]
[Date "2011.07.27"]
[Round "6"]
[White "Brodie, Hugh"]
[Black "Bergeron, Rene"]
[Result "1-0"]
[WhiteElo "1833"]
[BlackElo "1587"]
[PlyCount "83"]
[EventDate "2011.07.23"]
[EventType "swiss"]
[EventRounds "9"]
[EventCountry "CAN"]

1. e4 e5 2. Nc3 Nf6 3. f4 d6 4. Nf3 Bg4 5. Bc4 Nbd7 6. O-O Be7 7. h3 Bxf3 8.
Qxf3 O-O 9. d3 c6 10. Ne2 b5 11. Bb3 Nc5 12. Ng3 Nxb3 13. axb3 Nd7 14. Nf5 exf4
15. d4 c5 16. c3 Nf6 17. Bxf4 cxd4 18. cxd4 g6 19. Nxe7+ Qxe7 20. Bg5 Qxe4 21.
Bxf6 Qxf3 22. Rxf3 Rfe8 23. Ra6 d5 24. Rd6 Re2 25. Rxd5 b4 26. Re5 Rxb2 27.
Rfe3 Rf8 28. Ra5 Rc2 29. Rxa7 Rc3 30. Rxc3 bxc3 31. Rc7 c2 32. Rxc2 Rb8 33. b4
h6 34. b5 g5 35. Rb2 Kf8 36. b6 Rb7 37. Bd8 Ke8 38. Bc7 Kd7 39. Kf2 f5 40. Ke3
h5 41. Rb5 Ke6 42. Re5+ 1-0

[Event "Quebec op"]
[Site "Montreal CAN"]
[Date "2011.07.28"]
[Round "7"]
[White "Cote-Lalumiere, Tristan"]
[Black "Brodie, Hugh"]
[Result "0-1"]
[WhiteElo "1928"]
[BlackElo "1833"]
[PlyCount "72"]
[EventDate "2011.07.23"]
[EventType "swiss"]
[EventRounds "9"]
[EventCountry "CAN"]

1. e4 c5 2. Nf3 Nc6 3. Nc3 g6 4. d4 cxd4 5. Nxd4 Bg7 6. Be3 Nf6 7. Bc4 Qa5 8.
Qd2 Qb4 9. Bb3 Nxe4 10. Nxc6 bxc6 11. Nxe4 Qxe4 12. O-O-O Qe5 13. c3 Qb5 14.
Bd4 O-O 15. Bxg7 Kxg7 16. h4 h5 17. g4 d6 18. gxh5 Qxh5 19. Rdg1 Rh8 20. Rg5
Qf3 21. Rh2 Bf5 22. a3 Qe4 23. Ba2 Rxh4 24. Rxf5 Rxh2 25. Rxf7+ Kh8 26. b4 d5
27. Kb2 Rh1 28. Rf4 Qe1 29. Rh4+ Kg8 30. Qf4 Rxh4 31. Qxh4 Rf8 32. Kb3 Rxf2 33.
Ka4 Qe2 34. Bb1 Qb5+ 35. Kb3 Qc4+ 36. Ka4 Qxh4 0-1

[Event "Quebec op"]
[Site "Montreal CAN"]
[Date "2011.07.29"]
[Round "8"]
[White "Malveau, Cedric"]
[Black "Brodie, Hugh"]
[Result "1/2-1/2"]
[WhiteElo "2036"]
[BlackElo "1833"]
[PlyCount "111"]
[EventDate "2011.07.23"]
[EventType "swiss"]
[EventRounds "9"]
[EventCountry "CAN"]

1. d4 e6 2. c4 f5 3. g3 Nf6 4. Bg2 d5 5. Qc2 c6 6. Nh3 Be7 7. O-O O-O 8. Nd2
Ne4 9. Nf3 Bf6 10. Ne5 Nd7 11. Nxd7 Bxd7 12. e3 Qe8 13. f3 Nd6 14. c5 Nf7 15.
f4 Nh6 16. Nf2 Qg6 17. Nd3 Ng4 18. h3 Nh6 19. Qf2 Qe8 20. Qe2 g5 21. Bd2 Kh8
22. Kh2 Rg8 23. Rg1 Rg7 24. Ne5 Bxe5 25. fxe5 Qe7 26. b4 Rag8 27. g4 Be8 28.
Kg3 f4+ 29. Kf2 fxe3+ 30. Bxe3 Rf8+ 31. Ke1 Ng8 32. Kd2 Bg6 33. Raf1 Rgf7 34.
Rxf7 Rxf7 35. Rf1 h6 36. Kc3 Kg7 37. Rxf7+ Kxf7 38. a4 Qd8 39. Kb3 Bh7 40. Bd2
Ke7 41. b5 Qe8 42. bxc6 Qxc6 43. h4 gxh4 44. Qf2 Qe8 45. Qxh4+ Kd7 46. Ba5 b6
47. cxb6 Qc8 48. Qf2 Qc4+ 49. Kb2 axb6 50. Bc3 Ne7 51. Qd2 Qxa4 52. Bf3 Qb5+
53. Ka3 Qa6+ 54. Kb2 Qb5+ 55. Ka3 Qa6+ 56. Kb2 1/2-1/2

[Event "Quebec op U2000"]
[Site "Montreal CAN"]
[Date "2010.07.24"]
[Round "1"]
[White "Brodie, Hugh"]
[Black "He, Shao Hang"]
[Result "1-0"]
[WhiteElo "1841"]
[BlackElo "1625"]
[PlyCount "79"]
[EventDate "2010.07.24"]
[EventType "swiss"]
[EventRounds "9"]
[EventCountry "CAN"]

1. e4 c5 2. Nf3 d6 3. c3 Nf6 4. Bd3 Nc6 5. Bc2 e6 6. O-O Be7 7. d4 d5 8. e5 Nd7
9. Qe2 Qb6 10. Rd1 Qc7 11. Bg5 f6 12. exf6 Nxf6 13. Ne5 Nxe5 14. dxe5 Nd7 15.
Qh5+ Kd8 16. Bxe7+ Kxe7 17. Qh4+ Kf8 18. f4 Nb6 19. Nd2 Qe7 20. Qf2 g6 21. Nf3
Kg7 22. Ng5 Bd7 23. Qg3 Rac8 24. h4 Rhf8 25. h5 Be8 26. Qh3 Rc6 27. Qg3 Kh8 28.
hxg6 Bxg6 29. Bxg6 hxg6 30. Qh3+ Kg8 31. g3 Rf5 32. Kg2 Qg7 33. Rh1 Kf8 34.
Qh8+ Qxh8 35. Rxh8+ Ke7 36. Rah1 Rf8 37. R8h7+ Kd8 38. Rxb7 Rc7 39. Rxc7 Kxc7
40. Nxe6+ 1-0

[Event "Quebec op U2000"]
[Site "Montreal CAN"]
[Date "2010.07.25"]
[Round "2"]
[White "Gerard, Patrice"]
[Black "Brodie, Hugh"]
[Result "1/2-1/2"]
[WhiteElo "1768"]
[BlackElo "1841"]
[PlyCount "77"]
[EventDate "2010.07.24"]
[EventType "swiss"]
[EventRounds "9"]
[EventCountry "CAN"]

1. e4 e6 2. d4 d5 3. exd5 exd5 4. c4 c6 5. Nc3 Nf6 6. Nf3 Be7 7. h3 O-O 8. Bd3
Be6 9. Ng5 Qd7 10. c5 Bf5 11. O-O Bxd3 12. Qxd3 Na6 13. a3 Nc7 14. f4 Rfe8 15.
Nf3 Rad8 16. Ne5 Qc8 17. f5 Bxc5 18. Nxc6 bxc6 19. dxc5 Ne4 20. b4 Nxc3 21.
Qxc3 Re4 22. Bb2 f6 23. Qg3 Kf8 24. Rae1 Rde8 25. Qd6+ Kg8 26. Rxe4 Rxe4 27.
Qxc6 Qd8 28. b5 Re2 29. Bc1 Qe7 30. b6 Qe4 31. Rf3 Qc2 32. Bf4 Rxg2+ 33. Kh1
Rf2 34. Rxf2 Qxf2 35. Bg3 Qxg3 36. Qxc7 Qxh3+ 37. Kg1 Qe3+ 38. Kg2 Qe4+ 39. Kh2
1/2-1/2

[Event "Quebec op U2000"]
[Site "Montreal CAN"]
[Date "2010.07.25"]
[Round "3"]
[White "Brodie, Hugh"]
[Black "Samson, Gaetan"]
[Result "0-1"]
[WhiteElo "1841"]
[BlackElo "1817"]
[PlyCount "90"]
[EventDate "2010.07.24"]
[EventType "swiss"]
[EventRounds "9"]
[EventCountry "CAN"]

1. e4 c5 2. Nf3 d6 3. c3 Nf6 4. Bd3 g6 5. O-O Bg7 6. Bc2 Nc6 7. d4 cxd4 8. cxd4
Bg4 9. Nc3 Bxf3 10. gxf3 O-O 11. Be3 Qd7 12. Kg2 Rac8 13. Qd2 Rc7 14. Rad1 a6
15. Bb1 b5 16. Ne2 h5 17. Bh6 Kh7 18. Bxg7 Kxg7 19. Qg5 Rh8 20. h4 Nh7 21. Qe3
Nf6 22. Kh2 e5 23. Rg1 Qe7 24. Qg5 Nxd4 25. Nxd4 exd4 26. Rxd4 Rc5 27. Qg3 Rd8
28. Rgd1 Ne8 29. Rd5 Rdc8 30. Qf4 Rxd5 31. Rxd5 Rc5 32. Rxc5 dxc5 33. e5 Nc7
34. Be4 Ne6 35. Qg3 Nd4 36. Kh3 Ne2 37. Qh2 Qe6+ 38. Kg2 Qxa2 39. f4 Qc4 40. f3
Nd4 41. Kg3 Qe2 42. Qh3 Qe1+ 43. Kg2 Ne2 44. Qh2 Qd2 45. Kf1 Qd1+ 0-1

[Event "Quebec op U2000"]
[Site "Montreal CAN"]
[Date "2010.07.26"]
[Round "4"]
[White "De Lagrave, Sylvain"]
[Black "Brodie, Hugh"]
[Result "1/2-1/2"]
[WhiteElo "1999"]
[BlackElo "1842"]
[PlyCount "146"]
[EventDate "2010.07.24"]
[EventType "swiss"]
[EventRounds "9"]
[EventCountry "CAN"]

1. e4 c5 2. Nf3 Nc6 3. Bb5 g6 4. Bxc6 bxc6 5. O-O Bg7 6. d3 d6 7. h3 Nf6 8. Nc3
O-O 9. Bg5 h6 10. Be3 Rb8 11. Rb1 Be6 12. Qd2 Kh7 13. b3 Qc8 14. Na4 Qa6 15. c4
Nd7 16. Rbc1 Qc8 17. Nh2 f5 18. f4 Nf6 19. Nc3 Qd7 20. Nf3 Ne8 21. Ne2 Nc7 22.
Nh4 Bf6 23. Nf3 Bg7 24. Kh1 Rbd8 25. Rcd1 Qc8 26. Qc2 Bd7 27. Rfe1 Rf7 28. Ng3
Rdf8 29. Ne2 Bf6 30. Bc1 Bg7 31. Be3 Bf6 32. Bc1 Bg7 33. Bb2 Ne6 34. Bxg7 Kxg7
35. e5 d5 36. d4 cxd4 37. Nfxd4 Nc7 38. c5 e6 39. b4 g5 40. g3 Kh8 41. Rb1 Rg7
42. a4 Qe8 43. b5 cxb5 44. c6 Bc8 45. axb5 Qh5 46. Kh2 Na8 47. Qc5 Rfg8 48. Rg1
Nb6 49. Ra1 Qf7 50. Nb3 Nc4 51. Qd4 Qh5 52. Qf2 Qf7 53. Ned4 Qe7 54. Ra2 gxf4
55. Qxf4 Kh7 56. Rga1 a6 57. bxa6 Rxg3 58. Qxg3 Rxg3 59. Kxg3 Qg5+ 60. Kh2 Qf4+
61. Kh1 Qe4+ 62. Kh2 Qxe5+ 63. Kg1 Qg3+ 64. Rg2 Qe3+ 65. Kh2 Qf4+ 66. Kh1 Bxa6
67. Rxa6 Qf1+ 68. Kh2 Qf4+ 69. Kg1 Qe3+ 70. Kf1 Qd3+ 71. Kg1 Qe3+ 72. Kh2 Qf4+
73. Kg1 Qe3+ 1/2-1/2

[Event "Quebec op U2000"]
[Site "Montreal CAN"]
[Date "2010.07.27"]
[Round "5"]
[White "Brodie, Hugh"]
[Black "Duplessis, Jean-Roch"]
[Result "1/2-1/2"]
[WhiteElo "1842"]
[BlackElo "1687"]
[PlyCount "46"]
[EventDate "2010.07.24"]
[EventType "swiss"]
[EventRounds "9"]
[EventCountry "CAN"]

1. e4 c5 2. Nf3 Nc6 3. c3 d6 4. d4 cxd4 5. cxd4 Nf6 6. Nc3 Bg4 7. Be2 g6 8. Be3
Bg7 9. h3 Bxf3 10. Bxf3 O-O 11. Qd2 Qa5 12. O-O Rfe8 13. a3 e5 14. d5 Nd4 15.
Qd1 Rac8 16. Be2 a6 17. Bd3 Nd7 18. f4 exf4 19. Bxf4 Ne5 20. Kh1 b5 21. Rf2 Qd8
22. Ne2 Nxd3 23. Qxd3 Rc2 1/2-1/2

[Event "Quebec op U2000"]
[Site "Montreal CAN"]
[Date "2010.07.28"]
[Round "6"]
[White "Malepart, Andre"]
[Black "Brodie, Hugh"]
[Result "0-1"]
[WhiteElo "1668"]
[BlackElo "1841"]
[PlyCount "48"]
[EventDate "2010.07.24"]
[EventType "swiss"]
[EventRounds "9"]
[EventCountry "CAN"]

1. e4 c5 2. Nf3 Nc6 3. d4 cxd4 4. Nxd4 g6 5. Nc3 Bg7 6. Be3 Nf6 7. f3 O-O 8.
Qd2 d5 9. O-O-O dxe4 10. fxe4 Ng4 11. Bg1 Bh6 12. h3 Nxd4 13. hxg4 Bxd2+ 14.
Rxd2 e5 15. Be3 Bxg4 16. g3 h5 17. Rf2 Kg7 18. Nd5 Rc8 19. Bd3 Be6 20. Bxd4
exd4 21. Nf4 Bc4 22. Kd2 Bxd3 23. Kxd3 Qc7 24. Kxd4 Qb6+ 0-1

[Event "Quebec op U2000"]
[Site "Montreal CAN"]
[Date "2010.07.29"]
[Round "7"]
[White "Brodie, Hugh"]
[Black "Villeneuve, Benoit"]
[Result "1-0"]
[WhiteElo "1841"]
[BlackElo "1801"]
[PlyCount "71"]
[EventDate "2010.07.24"]
[EventType "swiss"]
[EventRounds "9"]
[EventCountry "CAN"]

1. f4 c5 2. Nf3 Nf6 3. b3 e6 4. Bb2 Nc6 5. e3 d6 6. Bb5 Bd7 7. O-O Be7 8. Bxc6
Bxc6 9. d3 O-O 10. Qe1 a5 11. Nc3 Qc7 12. a4 Qb6 13. Kh1 Nd7 14. e4 Rfe8 15.
Qg3 f6 16. Qg4 Nf8 17. Nh4 Bd7 18. f5 Bd8 19. fxe6 Bxe6 20. Nf5 Ng6 21. Ne2
Bxf5 22. Rxf5 Qc6 23. Raf1 Ne5 24. Qg3 Qd7 25. Nf4 Rf8 26. Nd5 Qe6 27. h4 Rb8
28. Bc3 b5 29. axb5 Rxb5 30. h5 Rf7 31. h6 Rbb7 32. Kg1 Kf8 33. Bxa5 Bxa5 34.
hxg7+ Rxg7 35. Rxf6+ Rbf7 36. Qxg7+ 1-0

[Event "Quebec op U2000"]
[Site "Montreal CAN"]
[Date "2010.07.30"]
[Round "8"]
[White "Trottier, Emile"]
[Black "Brodie, Hugh"]
[Result "1-0"]
[WhiteElo "1851"]
[BlackElo "1841"]
[PlyCount "77"]
[EventDate "2010.07.24"]
[EventType "swiss"]
[EventRounds "9"]
[EventCountry "CAN"]

1. e4 c5 2. c3 d5 3. exd5 Qxd5 4. d4 Nf6 5. Nf3 Bg4 6. Be2 cxd4 7. cxd4 e6 8.
O-O Nc6 9. Nc3 Qa5 10. Qb3 Qb4 11. Nb5 Qxb3 12. axb3 Nd5 13. h3 Bh5 14. g4 Bg6
15. Bc4 Kd7 16. Ne5+ Nxe5 17. dxe5 Bc5 18. Rd1 Kc6 19. Bxd5+ exd5 20. b4 Bxb4
21. Nxa7+ Kb6 22. Be3+ Bc5 23. Rxd5 Bxe3 24. fxe3 Rhd8 25. Rb5+ Kc7 26. Rc1+
Kd7 27. Rxb7+ Ke6 28. Nb5 Rac8 29. Rxc8 Rxc8 30. Nd4+ Kxe5 31. h4 Kf6 32. b4
Be4 33. Rd7 Rb8 34. b5 g6 35. g5+ Kg7 36. Ne6+ Kg8 37. Rd8+ Rxd8 38. Nxd8 Kf8
39. b6 1-0

[Event "CAN-op"]
[Site "Edmonton CAN"]
[Date "2009.07.11"]
[Round "1.84"]
[White "Roberts, Richard"]
[Black "Brodie, Hugh"]
[Result "0-1"]
[WhiteElo "1418"]
[BlackElo "1885"]
[PlyCount "72"]
[EventDate "2009.07.11"]
[EventType "swiss"]
[EventRounds "9"]
[EventCountry "CAN"]

1. d4 e6 2. c4 f5 3. Nf3 Nf6 4. Nc3 Bb4 5. Bg5 b6 6. e3 Bb7 7. Bd3 O-O 8. O-O
Bxc3 9. bxc3 d6 10. c5 Qe8 11. cxd6 cxd6 12. Qb3 Ne4 13. Bf4 Qd7 14. Bxe4 Bxe4
15. Ng5 Bd5 16. c4 Bb7 17. d5 e5 18. Ne6 Rf6 19. Bg3 Na6 20. Qd1 Rc8 21. Rc1
Nc5 22. f3 Nxe6 23. dxe6 Qxe6 24. Qe2 Ba6 25. Rfe1 Bxc4 26. Qd2 Rff8 27. a4 Rc5
28. f4 e4 29. Qb2 Rfc8 30. Bh4 Bb3 31. Rxc5 Rxc5 32. Qe2 Qc4 33. Qh5 Qf7 34.
Qe2 Qc4 35. Qh5 Bxa4 36. Qe8+ Bxe8 0-1

[Event "CAN-op"]
[Site "Edmonton CAN"]
[Date "2009.07.12"]
[Round "2.35"]
[White "Brodie, Hugh"]
[Black "Gardner, Robert"]
[Result "1/2-1/2"]
[WhiteElo "1885"]
[BlackElo "2272"]
[PlyCount "166"]
[EventDate "2009.07.11"]
[EventType "swiss"]
[EventRounds "9"]
[EventCountry "CAN"]

1. Nf3 Nf6 2. b3 e6 3. Bb2 d5 4. e3 Bd6 5. Ne5 c5 6. f4 O-O 7. Be2 Qc7 8. O-O
Nbd7 9. Nxd7 Nxd7 10. Nc3 a6 11. Qe1 f5 12. Bf3 Nf6 13. Ne2 b5 14. Qh4 Bb7 15.
Kh1 Rae8 16. Ng3 Be7 17. Qh3 g6 18. Ne2 Bd6 19. Qh4 e5 20. fxe5 Bxe5 21. Bxe5
Qxe5 22. Nf4 Ne4 23. Nd3 Qd6 24. Rad1 Rf7 25. Bxe4 Rxe4 26. Rf4 Rfe7 27. Rdf1
Re8 28. Qh6 d4 29. Rxf5 Rg4 30. Ne1 Bd5 31. Rf6 Qe7 32. h3 Re4 33. Kg1 dxe3 34.
d3 Re5 35. Qf4 g5 36. Qg3 c4 37. R1f5 cxd3 38. Nxd3 Rxf5 39. Rxf5 Be4 40. Rxg5+
Bg6 41. Re5 Qd7 42. Qxe3 Rxe5 43. Qxe5 Bxd3 44. cxd3 Qxd3 45. Qe6+ Kf8 46. Kf2
Qc2+ 47. Qe2 Qg6 48. Qf3+ Ke7 49. Qb7+ Kd8 50. Qd5+ Kc7 51. Qc5+ Kb7 52. g4 Qb1
53. Qe7+ Kb6 54. Qe3+ Kb7 55. Qe2 Kb6 56. h4 Kc5 57. Qe5+ Kb6 58. Qe3+ Kc6 59.
Qe2 Kc5 60. h5 Kd4 61. Qe3+ Kd5 62. Qg5+ Ke6 63. Qe3+ Kf6 64. g5+ Kf5 65. Kg3
Qxa2 66. Qf4+ Ke6 67. Qf6+ Kd5 68. Qf7+ Ke5 69. g6 hxg6 70. hxg6 Qb1 71. g7
Qd3+ 72. Kh4 Qe4+ 73. Kg5 Qe3+ 74. Kg6 Qd3+ 75. Kh6 Qe3+ 76. Kh7 Qh3+ 77. Kg8
Qc8+ 78. Qf8 Qe6+ 79. Kh7 Qh3+ 80. Kg6 Qg4+ 81. Kh7 Qh3+ 82. Kg6 Qg3+ 83. Kh6
Qe3+ 1/2-1/2

[Event "CAN-op"]
[Site "Edmonton CAN"]
[Date "2009.07.13"]
[Round "3.22"]
[White "Li, Zhichao"]
[Black "Brodie, Hugh"]
[Result "1-0"]
[WhiteElo "2264"]
[BlackElo "1885"]
[PlyCount "93"]
[EventDate "2009.07.11"]
[EventType "swiss"]
[EventRounds "9"]
[EventCountry "CAN"]

1. d4 e6 2. e4 d5 3. Nd2 dxe4 4. Nxe4 Nd7 5. Nf3 Ngf6 6. Nxf6+ Nxf6 7. Be2 Be7
8. O-O O-O 9. Ne5 c5 10. dxc5 Bxc5 11. Bf4 Nd7 12. Nd3 Be7 13. c3 Qb6 14. Be3
Qc7 15. Bf3 Bd6 16. h3 Ne5 17. Nxe5 Bxe5 18. Qb3 Bf4 19. Bxf4 Qxf4 20. Rfe1 Qc7
21. Rad1 Rb8 22. Rd3 e5 23. Qd5 Be6 24. Qxe5 Qb6 25. b3 Qa6 26. Red1 h6 27.
R1d2 Rfe8 28. Qd6 b6 29. Bc6 Red8 30. Qxd8+ Rxd8 31. Rxd8+ Kh7 32. Be4+ g6 33.
Bd5 b5 34. Bxe6 Qxe6 35. R8d3 Qe1+ 36. Kh2 Qe5+ 37. g3 Qe1 38. c4 b4 39. Rc2
Qe4 40. Rdd2 h5 41. c5 Qc6 42. Rc4 a5 43. Rd6 Qc7 44. h4 Kg7 45. Kg1 Qe7 46.
Rdd4 Qc7 47. c6 1-0

[Event "CAN-op"]
[Site "Edmonton CAN"]
[Date "2009.07.15"]
[Round "5.53"]
[White "Brodie, Hugh"]
[Black "Wong, Ford"]
[Result "1/2-1/2"]
[WhiteElo "1885"]
[BlackElo "1774"]
[PlyCount "85"]
[EventDate "2009.07.11"]
[EventType "swiss"]
[EventRounds "9"]
[EventCountry "CAN"]

1. b3 d5 2. Bb2 e5 3. Bxe5 Nc6 4. Bb2 Nf6 5. e3 Bd6 6. Nf3 O-O 7. Bb5 Ne7 8.
O-O Ng6 9. Be2 c6 10. d3 Re8 11. Nbd2 b6 12. Re1 Bb7 13. Bf1 Bc7 14. g3 Ng4 15.
Bg2 N4e5 16. Nxe5 Bxe5 17. Bxe5 Rxe5 18. d4 Re7 19. c4 Rc8 20. Bh3 Rb8 21. Rc1
Bc8 22. Qh5 dxc4 23. bxc4 c5 24. Bxc8 cxd4 25. exd4 Rxc8 26. Rxe7 Nxe7 27. Nb3
g6 28. Qg5 Qd7 29. g4 h6 30. Qf4 g5 31. Qe4 Ng6 32. c5 Nf4 33. Qf3 bxc5 34.
dxc5 Qb5 35. Rd1 Re8 36. c6 Qb4 37. h3 Re1+ 38. Rxe1 Qxe1+ 39. Kh2 Qe5 40. Kg1
Qe1+ 41. Kh2 Qe5 42. Kh1 Qe1+ 43. Kh2 1/2-1/2

[Event "CAN-op"]
[Site "Edmonton CAN"]
[Date "2009.07.16"]
[Round "6.54"]
[White "Fu, James"]
[Black "Brodie, Hugh"]
[Result "1/2-1/2"]
[WhiteElo "1764"]
[BlackElo "1885"]
[PlyCount "69"]
[EventDate "2009.07.11"]
[EventType "swiss"]
[EventRounds "9"]
[EventCountry "CAN"]

1. e4 c5 2. Nc3 Nc6 3. Nf3 g6 4. Bc4 Bg7 5. d3 d6 6. Be3 Nf6 7. O-O O-O 8. Qd2
Ng4 9. Rae1 Nxe3 10. fxe3 Bg4 11. Ng5 Bf6 12. Nf3 Bg7 13. Bb3 Na5 14. Ne2 Nxb3
15. axb3 Bxf3 16. Rxf3 Rc8 17. c3 Qb6 18. Qc2 a6 19. Kh1 e6 20. Ref1 Be5 21.
Qd1 d5 22. exd5 exd5 23. d4 cxd4 24. exd4 Bg7 25. b4 f5 26. Nf4 Qb5 27. Qb3 Rc4
28. Re1 a5 29. h3 axb4 30. Nd3 Re8 31. Rfe3 Rxe3 32. Rxe3 Bh6 33. Re1 Bf8 34.
Nf4 Bd6 35. Nd3 1/2-1/2

[Event "CAN-op"]
[Site "Edmonton CAN"]
[Date "2009.07.17"]
[Round "7.54"]
[White "Brodie, Hugh"]
[Black "Neumann, Ralph"]
[Result "1/2-1/2"]
[WhiteElo "1885"]
[BlackElo "1654"]
[PlyCount "88"]
[EventDate "2009.07.11"]
[EventType "swiss"]
[EventRounds "9"]
[EventCountry "CAN"]

1. e4 c5 2. Nf3 Nc6 3. c3 d5 4. exd5 Qxd5 5. d4 Bg4 6. Be2 cxd4 7. cxd4 e6 8.
O-O Nf6 9. Nc3 Qd8 10. Be3 Be7 11. Qa4 O-O 12. Rfd1 Qa5 13. Qb3 Qb4 14. Qxb4
Nxb4 15. Rac1 Nfd5 16. Nxd5 Nxd5 17. Kf1 Rac8 18. Ne5 Bxe2+ 19. Kxe2 f6 20. Nd3
b6 21. Nf4 Nxf4+ 22. Bxf4 Rfd8 23. Rxc8 Rxc8 24. Rc1 Rxc1 25. Bxc1 f5 26. a4 g5
27. Kd3 Kf7 28. Kc4 a6 29. Bd2 h5 30. Bb4 Bd8 31. Bc3 Bc7 32. h3 g4 33. d5 Ke7
34. Bb4+ Kd7 35. dxe6+ Kxe6 36. Bc3 Be5 37. Bd4 gxh3 38. gxh3 Bc7 39. f3 Kd6
40. b4 Kc6 41. b5+ axb5+ 42. axb5+ Kd6 43. f4 Ke6 44. Be3 Kd6 1/2-1/2

[Event "CAN-op"]
[Site "Edmonton CAN"]
[Date "2009.07.18"]
[Round "8.53"]
[White "Moran-Venegas, Mario"]
[Black "Brodie, Hugh"]
[Result "1-0"]
[WhiteElo "1738"]
[BlackElo "1885"]
[PlyCount "33"]
[EventDate "2009.07.11"]
[EventType "swiss"]
[EventRounds "9"]
[EventCountry "CAN"]

1. e4 c5 2. Nf3 Nc6 3. d4 cxd4 4. Nxd4 Nf6 5. Nc3 g6 6. Bc4 Bg7 7. O-O d6 8.
Nxc6 bxc6 9. e5 Ng4 10. exd6 exd6 11. Re1+ Kf8 12. Qf3 Qf6 13. Bf4 Bf5 14. Qxc6
Rd8 15. Nd5 Qd4 16. Re8+ Rxe8 17. Bxd6+ 1-0